[Event "Bad Woerishofen Seniors op 28th"]
[Site "Bad Woerishofen"]
[Date "2012.03.07"]
[Round "6.37"]
[White "Huhn, Ulrich"]
[Black "Schoen, Siegfried"]
[Result "1/2-1/2"]
[WhiteElo "1802"]
[BlackElo "1556"]
[PlyCount "88"]
[EventDate "2012.03.02"]
[EventType "swiss"]
[EventRounds "9"]
[EventCountry "GER"]
[SourceTitle "EXT 2022"]
[Source "ChessBase"]
[SourceDate "2021.10.06"]
[SourceVersion "1"]
[SourceVersionDate "2021.10.06"]
[SourceQuality "1"]

1. d4 Nf6 2. Nc3 d5 3. Bg5 Nbd7 4. f3 h6 5. Bh4 c6 6. e4 dxe4 7. fxe4 Qb6 8. Rb1 e5 9. Nf3 exd4 10. Nxd4 Ne5 11. Be2 Be7 12. Bxf6 Bxf6 13. 0-0 0-0 14. Na4 Qc7 15. Nf5 Bxf5 16. Rxf5 Rad8 17. Qe1 Qe7 18. Rd1 Rxd1 19. Qxd1 Rd8 20. Qe1 g6 21. Rf1 Bg5 22. Qc3 Bd2 23. Qg3 b5 24. Nc3 Qc5+ 25. Kh1 Bxc3 26. bxc3 Qd6 27. h3 Qe7 28. Qe3 Kg7 29. Rd1 Rxd1+ 30. Bxd1 Nc4 31. Qd4+ Qe5 32. Be2 Qxd4 33. cxd4 a6 34. Bxc4 bxc4 35. Kg1 Kf6 36. Kf2 Ke6 37. Ke3 f5 38. c3 g5 39. exf5+ Kxf5 40. g4+ Kf6 41. Ke4 Ke6 42. a3 a5 43. a4 Kd6 44. Kf5 Kd5 1/2-1/2

[Event "Bayern-ch Seniors 17th"]
[Site "Schloss Schney"]
[Date "2005.06.16"]
[Round "7"]
[White "Ganslmayer, Herbert"]
[Black "Schoen, Siegfried"]
[Result "1/2-1/2"]
[WhiteElo "1773"]
[BlackElo "1590"]
[PlyCount "59"]
[EventDate "2005.06.10"]
[EventType "swiss"]
[EventRounds "9"]
[EventCountry "GER"]
[SourceTitle "EXT 2006"]
[Source "ChessBase"]
[SourceDate "2005.11.24"]
[SourceVersion "1"]
[SourceVersionDate "2005.11.24"]
[SourceQuality "1"]

1. d4 d5 2. e3 Bf5 3. Nf3 Nf6 4. c4 c6 5. Qb3 Qb6 6. Nc3 e6 7. cxd5 Qxb3 8. axb3 exd5 9. Ne5 Nbd7 10. Bd3 Bxd3 11. Nxd3 Bd6 12. Bd2 0-0 13. 0-0 Ne4 14. Nxe4 dxe4 15. Nb4 Nf6 16. Na2 a6 17. Nc3 Rfe8 18. Rfd1 Nd5 19. Na4 f5 20. Nc5 Re7 21. g3 g6 22. Na4 Rf7 23. Nc3 Rc8 24. Nxd5 cxd5 25. Bc3 Bf8 26. Ra5 Rd7 27. Rda1 Rc6 28. b4 Rb6 29. R1a4 Kf7 30. Kf1 1/2-1/2

[Event "Bayern-ch Seniors 17th"]
[Site "Schloss Schney"]
[Date "2005.06.13"]
[Round "4"]
[White "Muenzenberg, Dietrich"]
[Black "Schoen, Siegfried"]
[Result "1-0"]
[WhiteElo "1691"]
[BlackElo "1590"]
[PlyCount "171"]
[EventDate "2005.06.10"]
[EventType "swiss"]
[EventRounds "9"]
[EventCountry "GER"]
[SourceTitle "EXT 2006"]
[Source "ChessBase"]
[SourceDate "2005.11.24"]
[SourceVersion "1"]
[SourceVersionDate "2005.11.24"]
[SourceQuality "1"]

1. d4 d5 2. Bg5 Nd7 3. c3 Ngf6 4. f3 e6 5. e4 Be7 6. e5 Ng8 7. Be3 c5 8. Bd3 cxd4 9. cxd4 Bb4+ 10. Nc3 Ne7 11. Nge2 a6 12. 0-0 Nc6 13. a3 Be7 14. Rc1 0-0 15. Qe1 f5 16. Qg3 Bh4 17. Qh3 Bg5 18. f4 Bh6 19. g4 fxg4 20. Qxg4 Nb6 21. Rf3 Ne7 22. Rh3 Kh8 23. Ng3 Nf5 24. Nxf5 exf5 25. Qf3 Be6 26. b3 Rc8 27. a4 Rc7 28. a5 Na8 29. b4 Qd7 30. Qd1 Rfc8 31. Ne2 Rxc1 32. Bxc1 Qc6 33. Rf3 g6 34. Bd2 Nc7 35. Nc3 Nb5 36. Bxb5 axb5 37. Qa1 Bf8 38. Qb2 Qc4 39. Na2 Qc2 40. Bc3 Qxb2 41. Bxb2 Rc2 42. Rf2 Rc4 43. Bc3 Be7 44. Kg2 Kg7 45. Kg3 h5 46. h4 Kf7 47. Rf3 Bd7 48. Rf1 Ke6 49. Rb1 Bc6 50. Rb3 Bd7 51. Kh3 Be8 52. Ra3 Bd8 53. Nc1 Rc6 54. Nd3 Be7 55. Kg3 Bd7 56. Kf3 Be8 57. Ke3 Bd7 58. Be1 Be8 59. Rc3 Rxc3 60. Bxc3 Bd7 61. Be1 Be8 62. Kd2 Bc6 63. Kc3 Bd7 64. Nc5+ Bxc5 65. bxc5 Bc6 66. Kb4 Kd7 67. a6 bxa6 68. Ka5 Kc7 69. Kxa6 Be8 70. Ba5+ Kc6 71. e6 g5 72. fxg5 f4 73. Be1 f3 74. Ka5 Bg6 75. Bg3 Be8 76. Kb4 Bg6 77. Kc3 Be8 78. Kd3 Bg6+ 79. Ke3 b4 80. Be1 b3 81. Bc3 Be8 82. Kxf3 Kb5 83. Ke3 Bg6 84. Bb2 Bf5 85. e7 Bg6 86. Kf4 1-0

[Event "Bad Woerishofen Seniors op 19th"]
[Site "Bad Woerishofen"]
[Date "2003.03.20"]
[Round "8"]
[White "Schoen, Siegfried"]
[Black "Gensbauer, Viktor"]
[Result "1/2-1/2"]
[WhiteElo "1610"]
[BlackElo "1792"]
[PlyCount "30"]
[EventDate "2003.03.13"]
[EventType "swiss"]
[EventRounds "9"]
[EventCountry "GER"]
[SourceTitle "EXT 2004"]
[Source "ChessBase"]
[SourceDate "2003.11.25"]
[SourceVersion "1"]
[SourceVersionDate "2003.11.25"]
[SourceQuality "1"]

1. e4 c6 2. d4 d5 3. Nd2 dxe4 4. Nxe4 e6 5. Nf3 Nf6 6. Bd3 Be7 7. 0-0 0-0 8. Nxf6+ Bxf6 9. c3 Nd7 10. Qc2 h6 11. Be3 Re8 12. Rfe1 Nf8 13. Rad1 Qc7 14. g3 Bd7 15. Bf4 Qc8 1/2-1/2

[Event "Bad Woerishofen Seniors op 19th"]
[Site "Bad Woerishofen"]
[Date "2003.03.16"]
[Round "4"]
[White "Schoen, Siegfried"]
[Black "Bakalarczyk, Wlodzimierz"]
[Result "0-1"]
[WhiteElo "1610"]
[BlackElo "2037"]
[PlyCount "66"]
[EventDate "2003.03.13"]
[EventType "swiss"]
[EventRounds "9"]
[EventCountry "GER"]
[SourceTitle "EXT 2004"]
[Source "ChessBase"]
[SourceDate "2003.11.25"]
[SourceVersion "1"]
[SourceVersionDate "2003.11.25"]
[SourceQuality "1"]

1. e4 c5 2. c3 Nf6 3. e5 Nd5 4. d4 cxd4 5. Nf3 e6 6. cxd4 b6 7. Be2 Bb7 8. a3 Be7 9. Bd2 Nc6 10. Nc3 Nxc3 11. Bxc3 0-0 12. 0-0 d5 13. b4 Rc8 14. Rc1 f5 15. h3 Kh8 16. Bd3 Rg8 17. Nh2 Bh4 18. Nf3 Be7 19. Nh2 Rc7 20. f4 g5 21. Bb5 gxf4 22. Bxc6 Rxc6 23. Bd2 Rxc1 24. Bxc1 Ba6 25. Rf3 Qc7 26. Bxf4 Rc8 27. Qd2 Qd8 28. Rc3 Bb5 29. Qc1 Rc4 30. Nf1 Ba6 31. Ne3 Rxd4 32. Rc7 Rxf4 33. b5 Bc5 0-1

[Event "Bad Woerishofen Seniors op 19th"]
[Site "Bad Woerishofen"]
[Date "2003.03.15"]
[Round "3"]
[White "Pukropski, Walter"]
[Black "Schoen, Siegfried"]
[Result "1/2-1/2"]
[WhiteElo "1750"]
[BlackElo "1610"]
[PlyCount "99"]
[EventDate "2003.03.13"]
[EventType "swiss"]
[EventRounds "9"]
[EventCountry "GER"]
[SourceTitle "EXT 2004"]
[Source "ChessBase"]
[SourceDate "2003.11.25"]
[SourceVersion "1"]
[SourceVersionDate "2003.11.25"]
[SourceQuality "1"]

1. d4 d5 2. c4 c6 3. e3 e6 4. Nf3 Nf6 5. Bd3 Nbd7 6. 0-0 dxc4 7. Bxc4 Bd6 8. Qe2 b5 9. Bd3 Bb7 10. Nc3 a6 11. e4 e5 12. Bg5 h6 13. Bh4 Qe7 14. Rad1 g5 15. dxe5 Nxe5 16. Nxe5 Bxe5 17. Bg3 0-0-0 18. Rc1 Kb8 19. Rfd1 Bxg3 20. hxg3 Rd4 21. Qe3 Rhd8 22. Ne2 Ng4 23. Qxd4 Rxd4 24. Nxd4 Qf6 25. Nf5 Qxb2 26. Rc2 Qb4 27. f3 Ne5 28. Bf1 Qa4 29. Rdc1 Qb4 30. Nxh6 Qd4+ 31. Kh2 Qd8 32. Nf5 Qh8+ 33. Kg1 Qd8 34. Be2 Ka7 35. f4 gxf4 36. gxf4 Nd3 37. Rd1 Qb6+ 38. Kh2 Nxf4 39. Bf3 Qc7 40. g3 Ng6 41. Nd6 Ne5 42. Be2 Qb6 43. Kg2 Qe3 44. Bh5 c5 45. Re2 Qg5 46. Bxf7 Qg4 47. Red2 Bxe4+ 48. Nxe4 Qxe4+ 49. Kf1 Qf3+ 50. Kg1 1/2-1/2

[Event "Kurpfalz Seniors op 08th"]
[Site "Ludwigshafen"]
[Date "2002.09.14"]
[Round "7"]
[White "Lohmueller, Franz"]
[Black "Schoen, Siegfried"]
[Result "1-0"]
[WhiteElo "1677"]
[BlackElo "1592"]
[PlyCount "50"]
[EventDate "2002.09.08"]
[EventType "swiss"]
[EventRounds "7"]
[EventCountry "GER"]
[SourceTitle "EXT 2007"]
[Source "ChessBase"]
[SourceDate "2006.11.23"]
[SourceVersion "1"]
[SourceVersionDate "2006.11.23"]
[SourceQuality "1"]

1. d4 d5 2. Nf3 Nf6 3. Bf4 c6 4. c3 Bf5 5. e3 e6 6. Bd3 Bxd3 7. Qxd3 Be7 8. Nbd2 Nbd7 9. e4 dxe4 10. Nxe4 Nxe4 11. Qxe4 Nf6 12. Qc2 0-0 13. h3 Qd5 14. 0-0 Qe4 15. Qd2 Qd5 16. Rfe1 Nd7 17. Qd3 Nc5 18. Qe2 Nd7 19. c4 Qh5 20. Rad1 Rac8 21. Qc2 b6 22. Qa4 a5 23. Qb3 Nf6 24. d5 cxd5 25. cxd5 exd5 1-0

[Event "Kurpfalz Seniors op 08th"]
[Site "Ludwigshafen"]
[Date "2002.09.13"]
[Round "6"]
[White "Schoen, Siegfried"]
[Black "Voelpel, Friedrich"]
[Result "1-0"]
[WhiteElo "1592"]
[BlackElo "1634"]
[PlyCount "80"]
[EventDate "2002.09.08"]
[EventType "swiss"]
[EventRounds "7"]
[EventCountry "GER"]
[SourceTitle "EXT 2007"]
[Source "ChessBase"]
[SourceDate "2006.11.23"]
[SourceVersion "1"]
[SourceVersionDate "2006.11.23"]
[SourceQuality "1"]

1. e4 e5 2. Bc4 Nf6 3. d3 Be7 4. Nf3 d6 5. Bb3 c5 6. 0-0 0-0 7. a4 Nc6 8. c3 Bd7 9. Na3 a6 10. Re1 Rb8 11. Nc4 b5 12. axb5 axb5 13. Ne3 Na5 14. Nd5 Nxd5 15. Bxd5 Bc6 16. b4 Bxd5 17. exd5 Nb7 18. Re2 Bf6 19. Ra3 cxb4 20. cxb4 Qd7 21. Be3 g6 22. Rc2 Bg7 23. Qc1 Rfc8 24. Rac3 Rxc3 25. Rxc3 Bf6 26. Nd2 h5 27. Ne4 Bd8 28. Rc6 f5 29. Bg5 fxe4 30. Bxd8 Qxd8 31. Rc7 g5 32. dxe4 Nc5 33. Rxc5 dxc5 34. bxc5 Qe7 35. d6 Qe6 36. Qd2 Qf6 37. Qd5+ Kf8 38. c6 Qf7 39. c7 Qe8 40. d7 Rc8 1-0

[Event "Kurpfalz Seniors op 08th"]
[Site "Ludwigshafen"]
[Date "2002.09.08"]
[Round "1"]
[White "Schoen, Siegfried"]
[Black "Bierbach, Utz Friedrich"]
[Result "0-1"]
[WhiteElo "1592"]
[BlackElo "1753"]
[PlyCount "66"]
[EventDate "2002.09.08"]
[EventType "swiss"]
[EventRounds "7"]
[EventCountry "GER"]
[SourceTitle "EXT 2007"]
[Source "ChessBase"]
[SourceDate "2006.11.23"]
[SourceVersion "1"]
[SourceVersionDate "2006.11.23"]
[SourceQuality "1"]

1. e4 g6 2. d4 Bg7 3. Nc3 d6 4. g3 Nd7 5. Bg2 c5 6. Nf3 cxd4 7. Nxd4 Ngf6 8. 0-0 0-0 9. h3 a6 10. a4 Qc7 11. Nd5 Nxd5 12. exd5 Nf6 13. c3 Bd7 14. Re1 Rfe8 15. Bg5 h6 16. Bxf6 exf6 17. Qb3 f5 18. Nf3 b5 19. axb5 Bxb5 20. Rxe8+ Rxe8 21. Bf1 Rb8 22. Bxb5 Rxb5 23. Qa2 a5 24. Rb1 Qb7 25. c4 Rb3 26. Kg2 Qb4 27. Nd2 Rxb2 28. Rxb2 Bxb2 29. Nf3 Bf6 30. Qe2 Kg7 31. Qd3 Qc3 32. Qe2 a4 33. Qa2 a3 0-1

[Event "Bad Woerishofen Seniors op 17th"]
[Site "Bad Woerishofen"]
[Date "2001.03.21"]
[Round "7"]
[White "Schafroth, Georg"]
[Black "Schoen, Siegfried"]
[Result "1/2-1/2"]
[WhiteElo "1700"]
[BlackElo "1539"]
[PlyCount "39"]
[EventDate "2001.03.??"]
[EventType "swiss"]
[EventRounds "9"]
[EventCountry "GER"]
[SourceTitle "EXT 2002"]
[Source "ChessBase"]
[SourceDate "2001.11.25"]
[SourceVersion "1"]
[SourceVersionDate "2001.11.25"]
[SourceQuality "1"]

1. d4 d5 2. c4 Nc6 3. Nc3 dxc4 4. e3 Nf6 5. Bxc4 g6 6. Nf3 Bg7 7. 0-0 0-0 8. Re1 e6 9. b3 b6 10. Bb2 Bb7 11. Qc2 Nb4 12. Qe2 Bxf3 13. gxf3 c6 14. Rad1 b5 15. Bd3 Nxd3 16. Rxd3 Nd5 17. Ne4 Qa5 18. a3 Qb6 19. Rc1 Rfd8 20. Nc5 1/2-1/2

[Event "Bayern-ch Seniors 12th"]
[Site "Schloss Schney"]
[Date "2000.??.??"]
[Round "1"]
[White "Bernhart, Ernst"]
[Black "Schoen, Siegfried"]
[Result "1/2-1/2"]
[WhiteElo "1598"]
[BlackElo "1571"]
[PlyCount "116"]
[EventDate "2000.11.02"]
[EventType "swiss"]
[EventRounds "9"]
[EventCountry "GER"]
[SourceTitle "EXT 2002"]
[Source "ChessBase"]
[SourceDate "2001.11.25"]
[SourceVersion "1"]
[SourceVersionDate "2001.11.25"]
[SourceQuality "1"]

1. e4 d5 2. exd5 Qxd5 3. Nf3 Nf6 4. d4 Bf5 5. c4 Qd8 6. Nc3 e6 7. Be2 Be7 8. 0-0 0-0 9. Bg5 h6 10. Bh4 c6 11. Qb3 Qb6 12. Bd1 Re8 13. Re1 Nbd7 14. c5 Qxb3 15. Bxb3 Kf8 16. Bg3 Nd5 17. Nd1 b6 18. Bxd5 exd5 19. b4 Bf6 20. Ne3 Be6 21. Rac1 b5 22. h3 Kg8 23. Re2 a6 24. Rce1 Nf8 25. Ng4 Nh7 26. Nge5 Rec8 27. h4 Nf8 28. Bf4 Nd7 29. g3 Nxe5 30. Bxe5 Bxe5 31. Nxe5 Rc7 32. Re3 Rd8 33. f4 Kf8 34. Ra3 Bc8 35. Rae3 f6 36. Nd3 Bd7 37. Kf2 Re8 38. Rxe8+ Bxe8 39. Nc1 Re7 40. Re3 Rxe3 41. Kxe3 h5 42. Nb3 Ke7 43. f5 Kd7 44. Nc1 Ke7 45. Ne2 Bd7 46. Kf4 Kf7 47. Nc3 g6 48. fxg6+ Kxg6 49. a4 Bc8 50. axb5 axb5 51. Nb1 Bf5 52. Nd2 Bg4 53. Nb3 Bd7 54. Na5 Be8 55. Nb7 Bd7 56. Na5 Be8 57. Nb3 Bd7 58. Nc1 Bf5 1/2-1/2

[Event "Bayern-ch Seniors 12th"]
[Site "Schloss Schney"]
[Date "2000.??.??"]
[Round "4"]
[White "Schoen, Siegfried"]
[Black "Fels, Karl Heinz"]
[Result "1/2-1/2"]
[WhiteElo "1571"]
[BlackElo "1914"]
[PlyCount "87"]
[EventDate "2000.11.02"]
[EventType "swiss"]
[EventRounds "9"]
[EventCountry "GER"]
[SourceTitle "EXT 2002"]
[Source "ChessBase"]
[SourceDate "2001.11.25"]
[SourceVersion "1"]
[SourceVersionDate "2001.11.25"]
[SourceQuality "1"]

1. e4 e5 2. Bc4 Nf6 3. d3 Nc6 4. Nf3 Be7 5. c3 d6 6. Bb3 0-0 7. 0-0 Bg4 8. h3 Bh5 9. Re1 Na5 10. Bc2 c5 11. Nbd2 Nc6 12. Nf1 b5 13. Ng3 Bg6 14. Nh4 a5 15. Nxg6 hxg6 16. Bg5 Nh7 17. Bxe7 Qxe7 18. Bb3 a4 19. Bd5 Ra6 20. Bxc6 Rxc6 21. c4 Qb7 22. b3 Ra6 23. Re2 f5 24. exf5 gxf5 25. Qc2 axb3 26. Qxb3 b4 27. a4 Ra5 28. Rae1 g5 29. f3 Kg7 30. Nh5+ Kg6 31. Ng3 Rfa8 32. Ra2 Qd7 33. Rea1 Nf8 34. Ne2 Qe8 35. Qc2 Nd7 36. g4 Qe6 37. Ng3 fxg4 38. d4+ Kg7 39. d5 Qg6 40. Nf5+ Kh7 41. hxg4 Re8 42. Qh2+ Kg8 43. Qh1 Nf8 44. Rh2 1/2-1/2

[Event "Passau op 7th"]
[Site "Passau"]
[Date "1999.04.02"]
[Round "2"]
[White "Weiland, Guenter"]
[Black "Schoen, Siegfried"]
[Result "1-0"]
[WhiteElo "1872"]
[BlackElo "1551"]
[PlyCount "71"]
[EventDate "1999.04.02"]
[EventType "swiss"]
[EventRounds "7"]
[EventCountry "GER"]
[SourceTitle "EXT 2000"]
[Source "ChessBase"]
[SourceDate "1999.11.16"]
[SourceVersion "1"]
[SourceVersionDate "1999.11.16"]
[SourceQuality "1"]

1. Nf3 g6 2. c4 Bg7 3. Nc3 d6 4. g3 e5 5. Bg2 Nh6 6. d4 exd4 7. Nxd4 0-0 8. 0-0 c6 9. e4 f5 10. Bxh6 Bxh6 11. exf5 Bxf5 12. Nxf5 Rxf5 13. Qb3 Qb6 14. Rad1 Qxb3 15. axb3 Na6 16. Rxd6 Raf8 17. Ne4 Nc5 18. Nxc5 Rxc5 19. Rd7 Rcf5 20. f4 R5f7 21. Rfd1 Bg7 22. Bh3 Rxd7 23. Rxd7 Bxb2 24. Rxb7 Re8 25. Bd7 Bd4+ 26. Kf1 Re3 27. Bxc6 a5 28. Bd5+ Kh8 29. Rb5 Bc3 30. c5 Re1+ 31. Kf2 Rc1 32. c6 Bb4 33. Rxb4 axb4 34. Bc4 Ra1 35. c7 Ra8 36. Be6 1-0

[Event "Bayern-ch Seniors 11th"]
[Site "Schloss Schney"]
[Date "1999.??.??"]
[Round "9"]
[White "Schoen, Siegfried"]
[Black "Hoeppner, Hans1111"]
[Result "0-1"]
[WhiteElo "1551"]
[BlackElo "1701"]
[PlyCount "110"]
[EventDate "1999.11.??"]
[EventType "swiss"]
[EventRounds "9"]
[EventCountry "GER"]
[SourceTitle "EXT 2002"]
[Source "ChessBase"]
[SourceDate "2001.11.25"]
[SourceVersion "1"]
[SourceVersionDate "2001.11.25"]
[SourceQuality "1"]

1. e4 e6 2. d4 Ne7 3. Be3 Ng6 4. g3 e5 5. d5 d6 6. Nc3 Be7 7. h4 Bd7 8. Bh3 h6 9. h5 Bxh3 10. Nxh3 Nf8 11. Qg4 Nbd7 12. f4 Nf6 13. Qf3 Qd7 14. f5 b5 15. b3 c5 16. Nf2 Qc7 17. 0-0 b4 18. Ne2 N8h7 19. g4 Nd7 20. c4 Bg5 21. Nh3 Qd8 22. Ng3 Bxe3+ 23. Qxe3 Qh4 24. Nf2 Ndf6 25. Kg2 Nxg4 26. Nxg4 Qxg4 27. Qf3 Qg5 28. Kh3 Qe7 29. Qg4 Ng5+ 30. Kg2 a5 31. a4 bxa3 32. Rxa3 f6 33. Rfa1 Qc7 34. Qe2 0-0 35. Qd2 Qb6 36. Qc3 Rfb8 37. Kf2 Ra6 38. Ke2 Nh3 39. Kd2 Nf4 40. Kc2 Rba8 41. Ra4 Qd8 42. Qf3 Rb8 43. Ne2 Nxe2 44. Qxe2 Rab6 45. R4a3 a4 46. Rb1 axb3+ 47. Raxb3 Rxb3 48. Rxb3 Ra8 49. Kd3 Qe8 50. Qd1 Ra2 51. Qb1 Ra8 52. Qd1 Kh7 53. Qg4 Qa4 54. Qg6+ Kh8 55. Rc3 Qd1+ 0-1

[Event "Bayern-ch Seniors 11th"]
[Site "Schloss Schney"]
[Date "1999.??.??"]
[Round "5"]
[White "Schoen, Siegfried"]
[Black "Ludwig, Ines"]
[Result "1/2-1/2"]
[WhiteElo "1551"]
[BlackElo "1603"]
[PlyCount "94"]
[EventDate "1999.11.??"]
[EventType "swiss"]
[EventRounds "9"]
[EventCountry "GER"]
[SourceTitle "EXT 2002"]
[Source "ChessBase"]
[SourceDate "2001.11.25"]
[SourceVersion "1"]
[SourceVersionDate "2001.11.25"]
[SourceQuality "1"]

1. e4 c5 2. c3 Nc6 3. d4 cxd4 4. cxd4 e6 5. Nf3 a6 6. Be2 Bb4+ 7. Bd2 Nge7 8. 0-0 Qb6 9. a3 Bxd2 10. Qxd2 0-0 11. b4 d6 12. Nc3 Bd7 13. d5 Ne5 14. Nxe5 dxe5 15. Rfd1 exd5 16. Nxd5 Nxd5 17. Qxd5 Ba4 18. Qd6 Qxd6 19. Rxd6 Rad8 20. Rxd8 Rxd8 21. Rc1 Bc6 22. f3 f6 23. Bxa6 Kf8 24. Bf1 Rd2 25. h4 Rb2 26. Rc3 Rb1 27. Kf2 Ba4 28. Bc4 Rd1 29. Kg3 Rd8 30. Bd5 b6 31. Rc7 Bd7 32. Kf2 h6 33. Kg3 g5 34. hxg5 hxg5 35. Rb7 b5 36. Rc7 Ke7 37. Bc6 Kd6 38. Rxd7+ Rxd7 39. Bxd7 Kxd7 40. Kg4 Ke6 41. g3 Ke7 42. Kf5 Kf7 43. g4 Ke7 44. Kg6 Ke6 45. Kh6 Kd6 46. Kh7 Kd7 47. Kg8 Ke8 1/2-1/2

[Event "Bayern-ch Seniors 11th"]
[Site "Schloss Schney"]
[Date "1999.??.??"]
[Round "1"]
[White "Schoen, Siegfried"]
[Black "Zellner, Erwin"]
[Result "1/2-1/2"]
[WhiteElo "1551"]
[BlackElo "1638"]
[PlyCount "41"]
[EventDate "1999.11.??"]
[EventType "swiss"]
[EventRounds "9"]
[EventCountry "GER"]
[SourceTitle "EXT 2002"]
[Source "ChessBase"]
[SourceDate "2001.11.25"]
[SourceVersion "1"]
[SourceVersionDate "2001.11.25"]
[SourceQuality "1"]

1. e4 c6 2. d4 d5 3. Nd2 dxe4 4. Nxe4 Bf5 5. Ng3 Bg6 6. h4 h5 7. Nf3 Nd7 8. Bd3 Bxd3 9. Qxd3 e6 10. Bd2 Qc7 11. Ne4 Ngf6 12. 0-0 Nxe4 13. Qxe4 Bd6 14. Ng5 Nf6 15. Qf3 0-0-0 16. Be3 Kb8 17. c3 Rdf8 18. g3 Nd5 19. Bd2 Nf6 20. Kg2 Qd7 21. Bf4 1/2-1/2